01067nam a2200241 i 45000010005000000030009000050050017000140070003000310080041000340200018000750800016000932450259001092600067003683000035004356500017004707000036004877000036005237100057005597100039006168520033006559990015006889520122007038351ES-MaACL20250827222020.0t|920506s1991 sp ||||1| spa d a84-604-1270-9 a616.9-022.600aSIDA, un desafío para la comunidad b: Universidad del País Vasco, Cursos de Verano en San Sebastián, 2 al 6 de septiembre de 1991 / c[edición y compilación, Centro de Estudios Sociales Aplicados, Daniel Zulaika Aristi, Ricardo Usieto Atondo]. aMadrid : bCentro de Estudios Sociales Aplicados, cD.L. 1991. aIII, 264 p. : bil. ; c24 cm. 4aSIDA.9170871 aZulaika Aristi, Daniel.91184491 aUsieto Atondo, Ricardo.91123052 aCentro de Estudios Sociales Aplicados (Madrid)926722 aUniversidad del País Vasco97367 aES-MaACLjL-15680 bR.120158 c8351d8351 00104070aATENEOMbATENEOMcDEPO2d2008-01-17eSCl0oL-15680p1008526r2023-02-23 00:00:00w2023-02-23yMONOGRAFIA